[Event "Alberta op"]
[Site "Edmonton"]
[Date "2017.10.09"]
[Round "6"]
[White "Timmerman, Brian"]
[Black "Haessel, Dale R"]
[Result "0-1"]
[WhiteElo "1692"]
[BlackElo "2224"]
[PlyCount "90"]
[EventDate "2017.10.07"]
[EventType "swiss"]
[EventRounds "6"]
[EventCountry "CAN"]
[SourceTitle "EXT 2019"]
[Source "ChessBase"]
[SourceDate "2018.10.10"]
[SourceVersion "1"]
[SourceVersionDate "2018.10.10"]
[SourceQuality "1"]

1. e4 e5 2. Nf3 Nc6 3. Bb5 Nf6 4. 0-0 Nxe4 5. Re1 Nd6 6. Nxe5 Be7 7. Bf1 Nxe5 8. Rxe5 0-0 9. d4 Ne8 10. Re1 d5 11. Bf4 Bf5 12. Nd2 Bd6 13. Bxd6 Nxd6 14. c3 Qd7 15. Nf3 f6 16. Bd3 Rfe8 17. Qc2 g5 18. Nd2 a5 19. a4 Kf7 20. b3 h5 21. Nf1 Bxd3 22. Qxd3 Qf5 23. Qxf5 Nxf5 24. f3 Rxe1 25. Rxe1 Ra6 26. Ng3 Ng7 27. Kf2 Rc6 28. Rc1 Ne6 29. Ne2 Rb6 30. Rb1 f5 31. g3 f4 32. gxf4 gxf4 33. Rb2 Kf6 34. b4 Kf5 35. b5 c6 36. Nc1 cxb5 37. Rxb5 Rxb5 38. axb5 b6 39. Nd3 Nc7 40. Nb2 Nxb5 41. Na4 Ke6 42. Ke2 Kd6 43. Nxb6 Nxc3+ 44. Kd3 Kc7 45. Na8+ Kb7 0-1

[Event "Calgary op"]
[Site "Calgary"]
[Date "2016.07.29"]
[Round "4"]
[White "Timmerman, Brian"]
[Black "Bruzon Batista, Lazaro"]
[Result "0-1"]
[WhiteElo "1524"]
[BlackElo "2643"]
[PlyCount "50"]
[EventDate "2016.07.27"]
[EventType "swiss"]
[EventRounds "9"]
[EventCountry "CAN"]
[SourceTitle "CBM 173 Extra"]
[Source "ChessBase"]
[SourceDate "2016.08.29"]
[SourceVersion "1"]
[SourceVersionDate "2016.08.29"]
[SourceQuality "1"]

1. e4 c5 2. Nf3 e6 3. d4 cxd4 4. Nxd4 a6 5. Nc3 Qc7 6. g3 Nf6 7. Bg2 Be7 8. 0-0 d6 9. Be3 0-0 10. f4 Re8 11. g4 Bf8 12. g5 Nfd7 13. Nb3 Nc6 14. Rf3 b5 15. Rh3 g6 16. a3 Bg7 17. Qe1 Rb8 18. Qh4 Nf8 19. f5 exf5 20. Nd5 Qd8 21. Nf6+ Bxf6 22. gxf6 f4 23. Nd4 Ne5 24. Bxf4 Bxh3 25. Bxe5 dxe5 0-1